| 000 -LEADER |
| fixed length control field |
00873cam a2200253 i 4500 |
| 001 - CONTROL NUMBER |
| control field |
21028538 |
| 005 - DATE AND TIME OF LATEST TRANSACTION |
| control field |
20221107153541.0 |
| 008 - FIXED-LENGTH DATA ELEMENTS--GENERAL INFORMATION |
| fixed length control field |
190621t20192019enk b 001 0 eng d |
| 020 ## - INTERNATIONAL STANDARD BOOK NUMBER |
| International Standard Book Number |
9781784787141x |
| 041 1# - LANGUAGE CODE |
| Language code of text/sound track or separate title |
eng |
| Language code of original |
fre |
| 080 ## - UNIVERSAL DECIMAL CLASSIFICATION NUMBER |
| Universal Decimal Classification number |
341+1 G-90 |
| 100 1# - MAIN ENTRY--PERSONAL NAME |
| Personal name |
Gros, Frédéric |
| 9 (RLIN) |
8944 |
| 240 10 - UNIFORM TITLE |
| Uniform title |
Principe sécurité. |
| Language of a work |
English |
| 245 14 - TITLE STATEMENT |
| Title |
The security principle : |
| Remainder of title |
from serenity to regulation / |
| Statement of responsibility, etc. |
Frédéric Gros ; translated by David Broder. |
| 250 ## - EDITION STATEMENT |
| Edition statement |
English-language edition. |
| 264 #4 - PRODUCTION, PUBLICATION, DISTRIBUTION, MANUFACTURE, AND COPYRIGHT NOTICE |
| Date of production, publication, distribution, manufacture, or copyright notice |
2019. |
| Place of production, publication, distribution, manufacture |
Brooklyn, NY : |
| Name of producer, publisher, distributor, manufacturer |
Verso, |
| 300 ## - PHYSICAL DESCRIPTION |
| Extent |
195 pages ; |
| Dimensions |
24 cm. |
| 546 ## - LANGUAGE NOTE |
| Language note |
Translated from the French. |
| 653 ## - INDEX TERM--UNCONTROLLED |
| keyword |
უსაფრთხოების პრინციპი |
| 653 ## - INDEX TERM--UNCONTROLLED |
| keyword |
სამართალი |
| 653 ## - INDEX TERM--UNCONTROLLED |
| keyword |
ფილოსოფია |
| 700 1# - ADDED ENTRY--PERSONAL NAME |
| Personal name |
Broder, David, |
| Relator term |
მთარგმნელი |
| 9 (RLIN) |
8948 |
| 942 ## - ADDED ENTRY ELEMENTS (KOHA) |
| Source of classification or shelving scheme |
|
| Koha item type |
წიგნი |